| 000 | 00514nam a2200181 4500 | ||
|---|---|---|---|
| 001 | 85840 | ||
| 003 | BD-RjUL | ||
| 005 | 20251012142414.0 | ||
| 008 | 251012s1 pk ||||| |||| 00| 0 urd d | ||
| 035 | _a(BD-RjUL)85840 | ||
| 040 |
_aBD-RjUL _beng _cBD-RjUL |
||
| 041 | _aurd | ||
| 082 |
_223 _a297.12541 _bBUK 19*5 |
||
| 245 |
_a تجريد صحيح بخاري ;; tajrid Sahih al-Bukhari / _cAbdullah M. Bin Ismail Bukhari / |
||
| 300 |
_a519 p. ; _c21 cm |
||
| 650 |
_aBukhari _vHadith _917152 |
||
| 942 |
_2ddc _cBK |
||
| 999 |
_c85840 _d85840 |
||